000 00625nam a2200193Ia 4500
005 20250508161916.0
008 008 250505s9999 xx 000 0 eng d
037 _aTheses
040 _aFEDL
_beng
_cFEDL
041 _aeng
_2eng
084 _a370.7, GUP/TH
_qFEDL
100 _aGupta Prativa Das
_9771792
245 0 _aExploratory study into the factors affecting teacher efficiency and their implications for teacher training programme at the primary level
260 _c1976
300 _a219p.
546 _aPH.D Thesis (Delhi University)
942 _cTH
_h370.7, GUP/TH
999 _c1373119
_d1373119